[Event "Prague Menchik Memorial Rapid"]
[Site "Prague"]
[Date "2021.09.28"]
[Round "7"]
[White "Bouska, Jiri"]
[Black "Kotal, Vaclav"]
[Result "1-0"]
[WhiteElo "2025"]
[BlackElo "2150"]
[PlyCount "51"]
[EventDate "2021.09.28"]
[EventType "swiss (rapid)"]
[EventRounds "9"]
[EventCountry "CZE"]
[SourceTitle "CBM 204 Extra"]
[Source "ChessBase"]
[SourceDate "2021.11.30"]
[SourceVersion "1"]
[SourceVersionDate "2021.11.30"]
[SourceQuality "1"]

1. e4 c5 2. Nf3 Nc6 3. d4 cxd4 4. Nxd4 Nf6 5. Nc3 g6 6. Bc4 Bg7 7. Nxc6 bxc6 8. e5 Ng8 9. Qf3 f6 10. Bxg8 Rxg8 11. exf6 Bxf6 12. 0-0 Qa5 13. Bd2 Qf5 14. Qe2 a5 15. Rfe1 Ba6 16. Qe3 Rf8 17. Ne4 Kd8 18. Qb6+ Kc8 19. Bxa5 Be5 20. Ng3 Qf6 21. Re4 h5 22. Rae1 Bd6 23. Rxe7 Qxf2+ 24. Qxf2 Rxf2 25. Kxf2 Bxe7 26. Rxe7 1-0

[Event "CZE-chT1W 1920"]
[Site "Czech Republic"]
[Date "2020.03.01"]
[Round "9.3"]
[White "Kotal, Vaclav"]
[Black "Pachmann, Ales"]
[Result "0-1"]
[WhiteElo "2220"]
[BlackElo "2284"]
[PlyCount "96"]
[EventDate "2019.10.20"]
[EventType "team-tourn"]
[EventRounds "11"]
[EventCountry "CZE"]
[SourceTitle "CBM 195 Extra"]
[Source "ChessBase"]
[SourceDate "2020.05.31"]
[SourceVersion "1"]
[SourceVersionDate "2020.05.31"]
[SourceQuality "1"]
[WhiteTeam "Ceske Budejovice"]
[BlackTeam "Praha DP EA Hotels"]
[WhiteTeamCountry "CZE"]
[BlackTeamCountry "CZE"]

1. e4 c5 2. Nc3 Nc6 3. Bb5 d6 4. f4 Bd7 5. Nf3 Nd4 6. Bxd7+ Qxd7 7. Nxd4 cxd4 8. Ne2 Nf6 9. d3 e5 10. 0-0 Rc8 11. Ng3 h5 12. fxe5 dxe5 13. Rf5 Bd6 14. Bg5 Nh7 15. Nxh5 g6 16. Nf6+ Nxf6 17. Bxf6 gxf5 18. Bxh8 fxe4 19. dxe4 Qe6 20. Qd2 Kd7 21. Bg7 Qg6 22. Qh6 Qxh6 23. Bxh6 Rxc2 24. Rf1 Ke6 25. Rf2 Rc8 26. Bg5 Be7 27. Bxe7 Kxe7 28. Rd2 Rg8 29. h3 Rh8 30. Rd3 Kf6 31. Kf2 Rc8 32. Rd2 Rc1 33. Kf3 Kg5 34. g3 Rf1+ 35. Rf2 Re1 36. Re2 Rd1 37. h4+ Kh5 38. Rf2 Re1 39. Re2 Rd1 40. Rf2 Rd3+ 41. Kg2 Kg4 42. Rxf7 Rxg3+ 43. Kf2 Rh3 44. Rxb7 Rh2+ 45. Ke1 Kf3 46. Rxa7 d3 47. Rf7+ Ke3 48. Rf1 Rxb2 0-1

[Event "CZE-chT2A 1920"]
[Site "Czech Republic"]
[Date "2020.02.23"]
[Round "9.2"]
[White "Dolezal, Radoslav"]
[Black "Kotal, Vaclav"]
[Result "1-0"]
[WhiteElo "2371"]
[BlackElo "2166"]
[PlyCount "111"]
[EventDate "2019.10.13"]
[EventType "team-tourn"]
[EventRounds "11"]
[EventCountry "CZE"]
[SourceTitle "EXT 2024"]
[Source "ChessBase"]
[SourceDate "2023.10.10"]
[SourceVersion "1"]
[SourceVersionDate "2023.10.10"]
[SourceQuality "1"]
[WhiteTeam "Pankrac II"]
[BlackTeam "Strakonice"]
[WhiteTeamCountry "CZE"]
[BlackTeamCountry "CZE"]

1. d4 d5 2. Nf3 Nf6 3. c4 c6 4. e3 a6 5. Qc2 b5 6. b3 g6 7. Bd3 Bg7 8. 0-0 0-0 9. Bb2 Qb6 10. Nbd2 Nbd7 11. c5 Qc7 12. b4 e5 13. dxe5 Ng4 14. a4 bxa4 15. Rxa4 Ndxe5 16. h3 Nxd3 17. Bxg7 Kxg7 18. Qxd3 Ne5 19. Nxe5 Qxe5 20. Nf3 Qf6 21. Qd4 Re8 22. Rfa1 Bb7 23. Qxf6+ Kxf6 24. Nd4 Rac8 25. Kf1 Ke7 26. Ke2 Kd7 27. Kd3 Kc7 28. g4 f6 29. Rg1 Kd7 30. h4 Re7 31. Rg3 Rce8 32. Ra1 Rf7 33. Rh1 Ra8 34. Nb3 Kc7 35. g5 Re8 36. h5 Bc8 37. Nd4 Ree7 38. hxg6 hxg6 39. gxf6 Rxf6 40. f4 Bf5+ 41. Kd2 Rf8 42. Rh6 Kb7 43. Nxf5 gxf5 44. Rgg6 Rc8 45. Re6 Rcc7 46. Kc3 Rxe6 47. Rxe6 Rf7 48. Kd4 Kc7 49. Ke5 Kd7 50. Rd6+ Kc7 51. Ke6 Rf8 52. Rd7+ Kc8 53. Ra7 Re8+ 54. Re7 Rf8 55. Kd6 Rf6+ 56. Re6 1-0

[Event "CZE-chT1W 1920"]
[Site "Czech Republic"]
[Date "2020.02.02"]
[Round "7.2"]
[White "Kotal, Vaclav"]
[Black "Gloser, David"]
[Result "0-1"]
[WhiteElo "2220"]
[BlackElo "1998"]
[PlyCount "126"]
[EventDate "2019.10.20"]
[EventType "team-tourn"]
[EventRounds "11"]
[EventCountry "CZE"]
[SourceTitle "CBM 194 Extra"]
[Source "ChessBase"]
[SourceDate "2020.03.31"]
[SourceVersion "1"]
[SourceVersionDate "2020.03.31"]
[SourceQuality "1"]
[WhiteTeam "Ceske Budejovice"]
[BlackTeam "Polabiny II"]
[WhiteTeamCountry "CZE"]
[BlackTeamCountry "CZE"]

1. d4 Nf6 2. c4 e5 3. dxe5 Ng4 4. Bf4 g5 5. Bg3 Nc6 6. Nf3 Bg7 7. Nc3 Ngxe5 8. e3 d6 9. Nxe5 Nxe5 10. Qc2 Be6 11. h4 g4 12. h5 h6 13. Bh4 Bf6 14. Bxf6 Qxf6 15. Nb5 Qe7 16. Be2 c6 17. Nd4 0-0-0 18. 0-0-0 Kb8 19. Kb1 Bc8 20. f4 gxf3 21. gxf3 c5 22. Nb5 Nc6 23. Qd2 Rhe8 24. e4 Qf6 25. Rhg1 a6 26. Nc3 Nd4 27. Rdf1 Be6 28. f4 Nxe2 29. Qxe2 Qd4 30. Rd1 Bxc4 31. Qf3 Qf6 32. f5 Bb5 33. Qg3 Bc6 34. Qg7 Qxg7 35. Rxg7 Bxe4+ 36. Nxe4 Rxe4 37. Rxf7 Ree8 38. Rg1 Rf8 39. Rgg7 Rxf7 40. Rxf7 Rg8 41. f6 Rg1+ 42. Kc2 Rf1 43. Kd3 d5 44. Rd7 Rf3+ 45. Kd2 Rxf6 46. Rxd5 Kc7 47. Rxc5+ Kd6 48. Ra5 Ke6 49. Rc5 Rf5 50. Rc7 Rxh5 51. Rxb7 Rb5 52. Rh7 Rxb2+ 53. Kc3 Rh2 54. a4 a5 55. Kc4 Rh5 56. Rh8 Kf6 57. Ra8 Rf5 58. Rf8+ Kg5 59. Rg8+ Kh4 60. Rd8 h5 61. Rd4+ Kg3 62. Kd3 h4 63. Ke2 h3 0-1

[Event "CZE-chT1W 1920"]
[Site "Czech Republic"]
[Date "2019.11.24"]
[Round "3.2"]
[White "Turner, Radek"]
[Black "Kotal, Vaclav"]
[Result "1-0"]
[WhiteElo "2005"]
[BlackElo "2220"]
[PlyCount "103"]
[EventDate "2019.10.20"]
[EventType "team-tourn"]
[EventRounds "11"]
[EventCountry "CZE"]
[SourceTitle "CBM 193 Extra"]
[Source "ChessBase"]
[SourceDate "2020.01.31"]
[SourceVersion "1"]
[SourceVersionDate "2020.01.31"]
[SourceQuality "1"]
[WhiteTeam "Line"]
[BlackTeam "Ceske Budejovice"]
[WhiteTeamCountry "CZE"]
[BlackTeamCountry "CZE"]

1. c4 e6 2. g3 Nf6 3. Bg2 d5 4. Nf3 dxc4 5. 0-0 Nbd7 6. a4 a5 7. Na3 Nb6 8. Qc2 Bd7 9. Nxc4 Nxc4 10. Qxc4 Bc6 11. d4 Bd6 12. Bg5 h6 13. Bxf6 Qxf6 14. Ne5 Bxg2 15. Kxg2 Bxe5 16. Qb5+ c6 17. dxe5 Qxf2+ 18. Kxf2 cxb5 19. axb5 Ke7 20. Rfc1 Rhc8 21. b6 Kd7 22. Rd1+ Kc6 23. Rd6+ Kb5 24. Ra3 a4 25. b3 Rc6 26. bxa4+ Kxb6 27. Rd7 Rc5 28. Rb3+ Kc6 29. Rdxb7 Rxa4 30. Rxf7 Rxe5 31. Rxg7 h5 32. Rf7 Rae4 33. Rb2 Rg5 34. Rd2 Rge5 35. Rf4 Kc5 36. Rxe4 Rxe4 37. Kf3 Rg4 38. h3 Rb4 39. e3 Ra4 40. g4 hxg4+ 41. hxg4 Ra1 42. g5 Rg1 43. Rg2 Rf1+ 44. Ke4 Kd6 45. g6 Rf8 46. g7 Rg8 47. Rg6 Ke7 48. Ke5 Kf7 49. Rg1 Ke7 50. e4 Kf7 51. Rg2 Ke7 52. Ra2 1-0

[Event "CZE-chT1W 1920"]
[Site "Czech Republic"]
[Date "2019.10.20"]
[Round "1.3"]
[White "Oresky, Jan"]
[Black "Kotal, Vaclav"]
[Result "1-0"]
[WhiteElo "2223"]
[BlackElo "2220"]
[PlyCount "81"]
[EventDate "2019.10.20"]
[EventType "team-tourn"]
[EventRounds "11"]
[EventCountry "CZE"]
[SourceTitle "CBM 192 Extra"]
[Source "Chessbase"]
[SourceDate "2019.11.06"]
[SourceVersion "1"]
[SourceVersionDate "2019.11.06"]
[SourceQuality "1"]
[WhiteTeam "Praha Oaza"]
[BlackTeam "Ceske Budejovice"]
[WhiteTeamCountry "CZE"]
[BlackTeamCountry "CZE"]

1. e4 c5 2. Nf3 Nc6 3. d4 cxd4 4. Nxd4 Nf6 5. Nc3 d6 6. Bg5 g6 7. Bxf6 exf6 8. Qd2 Bg7 9. 0-0-0 0-0 10. Ndb5 f5 11. Kb1 fxe4 12. Nxe4 Be6 13. Bd3 Qb6 14. c3 d5 15. Ng5 a6 16. Na3 Ne5 17. Nxe6 fxe6 18. f3 Nxd3 19. Qxd3 Rac8 20. Ka1 Qa5 21. Rc1 Rc6 22. Rc2 Rf4 23. Nb1 Ra4 24. a3 b5 25. Rhc1 Rac4 26. Ka2 Qc7 27. Nd2 Ra4 28. g3 Qd6 29. Nb3 Rcc4 30. Kb1 Rxa3 31. bxa3 Qxa3 32. Rb2 b4 33. Qe2 Bxc3 34. Qxe6+ Kg7 35. Qe7+ Kh6 36. Rxc3 Rxc3 37. Qf8+ Kh5 38. g4+ Kg5 39. Qd8+ Kf4 40. Qd6+ Kxf3 41. Qg3+ 1-0

[Event "CZE-chT2A 1819"]
[Site "Czech Republic"]
[Date "2018.11.18"]
[Round "3.3"]
[White "Kotal, Vaclav"]
[Black "Stinka, Jakub"]
[Result "1-0"]
[WhiteElo "2138"]
[BlackElo "2086"]
[PlyCount "135"]
[EventDate "2018.10.14"]
[EventType "team-tourn"]
[EventRounds "11"]
[EventCountry "CZE"]
[SourceTitle "EXT 2022"]
[Source "ChessBase"]
[SourceDate "2021.10.06"]
[SourceVersion "1"]
[SourceVersionDate "2021.10.06"]
[SourceQuality "1"]
[WhiteTeam "Strakonice"]
[BlackTeam "Pisek"]
[WhiteTeamCountry "CZE"]
[BlackTeamCountry "CZE"]

1. d4 Nf6 2. c4 e6 3. Nc3 Bb4 4. g3 0-0 5. Bg2 d5 6. Nf3 dxc4 7. 0-0 c5 8. dxc5 Qxd1 9. Rxd1 Nc6 10. Na4 e5 11. a3 Ba5 12. Bg5 Be6 13. Bxf6 gxf6 14. Nd2 Bxd2 15. Rxd2 Nd4 16. Rad1 Rab8 17. e3 Nb3 18. Rd6 Rfc8 19. Bd5 Nxc5 20. Nxc5 Rxc5 21. Bxe6 fxe6 22. Rxe6 Kf7 23. Rdd6 f5 24. Rf6+ Ke7 25. Rde6+ Kd7 26. Rd6+ Ke7 27. Rfe6+ Kf7 28. Rh6 Kg7 29. Rh4 Rc7 30. Re6 e4 31. Rh5 Rf8 32. Rg5+ Kh8 33. Re5 Rcf7 34. Rc5 Rf6 35. Rxc4 h6 36. Rh5 Kh7 37. Rh4 Kg6 38. f3 exf3 39. Kf2 Rd8 40. Rhd4 Rxd4 41. exd4 Rd6 42. Kxf3 Kf6 43. Ke3 Rd7 44. Rc5 h5 45. Rc8 h4 46. Rf8+ Ke6 47. gxh4 Rh7 48. d5+ Ke5 49. d6 Kxd6 50. Rxf5 Rxh4 51. Rf2 b5 52. Kf3 b4 53. Kg3 Rd4 54. axb4 Rxb4 55. h4 Ke5 56. h5 Rb7 57. Kg4 Rg7+ 58. Kh4 Rg1 59. h6 Rh1+ 60. Kg5 Rg1+ 61. Kh5 Ke6 62. h7 Rh1+ 63. Kg6 Rg1+ 64. Kh6 Rh1+ 65. Kg7 Rg1+ 66. Kf8 Rh1 67. Rf7 a5 68. Kg8 1-0

[Event "Klatovy op-A 24th"]
[Site "Klatovy"]
[Date "2018.07.08"]
[Round "9"]
[White "Kotal, Vaclav"]
[Black "Hlavina, Matous"]
[Result "1/2-1/2"]
[WhiteElo "2101"]
[BlackElo "1776"]
[PlyCount "125"]
[EventDate "2018.06.30"]
[EventType "swiss"]
[EventRounds "9"]
[EventCountry "CZE"]
[SourceTitle "EXT 2019"]
[Source "ChessBase"]
[SourceDate "2018.10.10"]
[SourceVersion "1"]
[SourceVersionDate "2018.10.10"]
[SourceQuality "1"]

1. d4 Nf6 2. Nc3 d5 3. Bf4 g6 4. Nb5 Na6 5. e3 c6 6. Nc3 Nc7 7. Be2 Bg7 8. h4 h5 9. Nf3 Bf5 10. Ng5 Nd7 11. g4 hxg4 12. Bxg4 Bxg4 13. Qxg4 e5 14. dxe5 Bxe5 15. Bxe5 Nxe5 16. Qf4 Qe7 17. 0-0-0 0-0-0 18. Nf3 Nxf3 19. Qxf3 Rh5 20. Ne2 Rdh8 21. Rd4 Ne6 22. Ra4 a6 23. Ng3 R5h7 24. h5 Ng5 25. Qg4+ Kc7 26. Qf4+ Kc8 27. Rd1 Ne6 28. Qe5 gxh5 29. Qc3 Qg5 30. Ra5 Qg7 31. Qb3 Qf6 32. e4 Qf4+ 33. Kb1 dxe4 34. Nf5 Rd8 35. Ne7+ Kc7 36. Rxd8 Nxd8 37. a4 Qxf2 38. Rf5 Qd4 39. a5 Qd6 40. Qb6+ Kd7 41. Ng8 Rg7 42. Nf6+ Ke7 43. Nxe4 Qe6 44. Qc5+ Kd7 45. Qd4+ Ke7 46. Rxh5 Rg4 47. Qc5+ Kd7 48. Qd4+ Ke7 49. Rh8 Rg1+ 50. Qxg1 Qxe4 51. Qg5+ f6 52. Qg7+ Nf7 53. Qf8+ Ke6 54. Qe8+ Kf5 55. Qxf7 Qe1+ 56. Ka2 Qxa5+ 57. Kb3 Qb5+ 58. Kc3 Qc5+ 59. Kd2 Qd4+ 60. Ke2 Qe4+ 61. Kf2 Qf4+ 62. Ke2 Qe4+ 63. Kd2 1/2-1/2

[Event "Klatovy op-A 24th"]
[Site "Klatovy"]
[Date "2018.07.04"]
[Round "5"]
[White "Kotal, Vaclav"]
[Black "Jurek, Josef"]
[Result "1-0"]
[WhiteElo "2101"]
[BlackElo "2277"]
[PlyCount "49"]
[EventDate "2018.06.30"]
[EventType "swiss"]
[EventRounds "9"]
[EventCountry "CZE"]
[SourceTitle "CBM 185 Extra"]
[Source "ChessBase"]
[SourceDate "2018.07.29"]
[SourceVersion "1"]
[SourceVersionDate "2018.07.29"]
[SourceQuality "1"]

1. d4 Nf6 2. c4 e6 3. Nc3 Bb4 4. g3 c5 5. Nf3 0-0 6. Bg2 d5 7. dxc5 dxc4 8. 0-0 Nc6 9. Qa4 Qa5 10. Qxa5 Nxa5 11. Be3 Ng4 12. Bd4 Nc6 13. a3 Ba5 14. Ne4 Nxd4 15. Nxd4 Ne5 16. Nd6 Rb8 17. f4 Bd2 18. Nc2 c3 19. fxe5 cxb2 20. Rab1 Bc3 21. Nc4 f6 22. Rf3 Bxe5 23. Nxe5 fxe5 24. Rxf8+ Kxf8 25. Rxb2 1-0

[Event "Klatovy op-A 24th"]
[Site "Klatovy"]
[Date "2018.07.02"]
[Round "3"]
[White "Kotal, Vaclav"]
[Black "Bartos, Karel"]
[Result "1-0"]
[WhiteElo "2101"]
[BlackElo "1823"]
[PlyCount "101"]
[EventDate "2018.06.30"]
[EventType "swiss"]
[EventRounds "9"]
[EventCountry "CZE"]
[SourceTitle "CBM 185 Extra"]
[Source "ChessBase"]
[SourceDate "2018.07.29"]
[SourceVersion "1"]
[SourceVersionDate "2018.07.29"]
[SourceQuality "1"]

1. e4 d5 2. exd5 Qxd5 3. Nc3 Qa5 4. d4 Nf6 5. Nf3 c6 6. Bc4 Bf5 7. Bd2 e6 8. Nd5 Qd8 9. Nxf6+ gxf6 10. Bb3 Nd7 11. Qe2 Qc7 12. Nh4 Bg6 13. 0-0-0 0-0-0 14. g3 Nb6 15. Bf4 Bd6 16. Bxd6 Qxd6 17. f4 f5 18. Ng2 Nd5 19. h4 h6 20. h5 Bh7 21. Bxd5 Qxd5 22. c4 Qa5 23. Kb1 Rhg8 24. Rd3 Kb8 25. Rhd1 Rd7 26. Ne1 Re8 27. Qe3 Bg8 28. Nf3 f6 29. d5 cxd5 30. Rxd5 exd5 31. Qxe8+ Rd8 32. Qe7 Rc8 33. cxd5 Qa4 34. b3 Qe4+ 35. Qxe4 fxe4 36. Nh4 e3 37. Re1 Re8 38. d6 Kc8 39. Kc2 Kd7 40. Kd3 Bh7+ 41. f5 Kxd6 42. Rxe3 Re5 43. g4 Ra5 44. Re6+ Kd5 45. Rxf6 Rxa2 46. Rxh6 Bg8 47. Rh8 Bf7 48. Rf8 Bxh5 49. gxh5 Rh2 50. Ng6 Rh3+ 51. Kc2 1-0

[Event "Klatovy op-A 24th"]
[Site "Klatovy"]
[Date "2018.07.01"]
[Round "2"]
[White "Formanek, Martin"]
[Black "Kotal, Vaclav"]
[Result "1-0"]
[WhiteElo "2267"]
[BlackElo "2101"]
[PlyCount "31"]
[EventDate "2018.06.30"]
[EventType "swiss"]
[EventRounds "9"]
[EventCountry "CZE"]
[SourceTitle "CBM 185 Extra"]
[Source "ChessBase"]
[SourceDate "2018.07.29"]
[SourceVersion "1"]
[SourceVersionDate "2018.07.29"]
[SourceQuality "1"]

1. e4 c5 2. Nf3 d6 3. c3 Nf6 4. Bd3 Nc6 5. Bc2 g6 6. 0-0 Bg7 7. Re1 0-0 8. d3 b5 9. Nbd2 Ba6 10. Nf1 b4 11. Ne3 bxc3 12. bxc3 Qa5 13. Bd2 Rab8 14. d4 Nd7 15. Bb3 Nb6 16. c4 1-0

[Event "CZE-chT2C 1718"]
[Site "Czech Republic"]
[Date "2018.03.18"]
[Round "10.2"]
[White "Kotal, Vaclav"]
[Black "Hausner, Ivan"]
[Result "1/2-1/2"]
[WhiteElo "2044"]
[BlackElo "2323"]
[PlyCount "74"]
[EventDate "2017.10.15"]
[EventType "team-tourn"]
[EventRounds "11"]
[EventCountry "CZE"]
[SourceTitle "EXT 2022"]
[Source "ChessBase"]
[SourceDate "2021.10.06"]
[SourceVersion "1"]
[SourceVersionDate "2021.10.06"]
[SourceQuality "1"]
[WhiteTeam "Ceske Budejovice"]
[BlackTeam "Pisek"]
[WhiteTeamCountry "CZE"]
[BlackTeamCountry "CZE"]

1. d4 Nf6 2. c4 e6 3. Nc3 d5 4. cxd5 Nxd5 5. e4 Nxc3 6. bxc3 c5 7. Nf3 cxd4 8. cxd4 Bb4+ 9. Bd2 Qa5 10. Rb1 Bxd2+ 11. Qxd2 Qxd2+ 12. Kxd2 0-0 13. Ne5 Nd7 14. Nc4 b6 15. Nd6 Nf6 16. Nxc8 Raxc8 17. Ba6 Rcd8 18. Ke3 Ng4+ 19. Kf3 f5 20. Bc4 Rxd4 21. Bxe6+ Kh8 22. exf5 Ne5+ 23. Kg3 g6 24. f3 gxf5 25. Rhd1 f4+ 26. Kf2 Nd3+ 27. Kf1 Rfd8 28. Bf5 Nb4 29. Rxd4 Rxd4 30. Rc1 Nd5 31. Be4 Ne3+ 32. Ke2 Ra4 33. Rc7 Rxa2+ 34. Kd3 Nxg2 35. Rxh7+ Kg8 36. Rb7 Ne1+ 37. Kd4 Rxh2 1/2-1/2

[Event "CZE-chT2C 1718"]
[Site "Czech Republic"]
[Date "2018.02.25"]
[Round "9.4"]
[White "Kotal, Vaclav"]
[Black "Skoda, Martin"]
[Result "0-1"]
[WhiteElo "2044"]
[BlackElo "2126"]
[PlyCount "58"]
[EventDate "2017.10.15"]
[EventType "team-tourn"]
[EventRounds "11"]
[EventCountry "CZE"]
[SourceTitle "EXT 2022"]
[Source "ChessBase"]
[SourceDate "2021.10.06"]
[SourceVersion "1"]
[SourceVersionDate "2021.10.06"]
[SourceQuality "1"]
[WhiteTeam "Ceske Budejovice"]
[BlackTeam "Jihlava Gambit"]
[WhiteTeamCountry "CZE"]
[BlackTeamCountry "CZE"]

1. e4 c6 2. d4 d5 3. e5 Bf5 4. Nc3 e6 5. g4 Bg6 6. Nge2 h6 7. h4 Ne7 8. h5 Bh7 9. Be3 Nd7 10. f4 Qa5 11. a3 Qb6 12. Na4 Qc7 13. Ng3 b6 14. Nc3 a6 15. Rh2 c5 16. Bxa6 Nc6 17. Bf1 Nxd4 18. Bxd4 cxd4 19. Nb5 Qb8 20. Qxd4 Bc5 21. Qc3 0-0 22. 0-0-0 Rc8 23. Qf3 Ra4 24. Nd6 Bxd6 25. Bb5 Bxe5 26. Bxa4 Bxf4+ 27. Kb1 Nc5 28. Rf2 Bxg3 29. Qxf7+ Kh8 0-1

[Event "CZE-chT2C 1718"]
[Site "Czech Republic"]
[Date "2017.10.15"]
[Round "1.3"]
[White "Pychova, Nela"]
[Black "Kotal, Vaclav"]
[Result "1/2-1/2"]
[WhiteElo "2115"]
[BlackElo "2044"]
[PlyCount "76"]
[EventDate "2017.10.15"]
[EventType "team-tourn"]
[EventRounds "11"]
[EventCountry "CZE"]
[SourceTitle "EXT 2022"]
[Source "ChessBase"]
[SourceDate "2021.10.06"]
[SourceVersion "1"]
[SourceVersionDate "2021.10.06"]
[SourceQuality "1"]
[WhiteTeam "Vlasim"]
[BlackTeam "Ceske Budejovice"]
[WhiteTeamCountry "CZE"]
[BlackTeamCountry "CZE"]

1. Nf3 d5 2. g3 c6 3. Bg2 Bf5 4. 0-0 Nd7 5. d3 h6 6. Nbd2 e5 7. e4 dxe4 8. dxe4 Be6 9. a4 a5 10. Qe2 Ngf6 11. b3 Bc5 12. Bb2 Qc7 13. Nc4 Bg4 14. h3 Bxf3 15. Bxf3 0-0 16. Bg4 Rfe8 17. Bf5 g6 18. Bg4 Bd4 19. c3 Bc5 20. Bc1 Bf8 21. Bxd7 Nxd7 22. Be3 Nc5 23. Bxc5 Bxc5 24. Ne3 h5 25. Nc4 Rad8 26. Rad1 Kg7 27. Kg2 f6 28. Rxd8 Rxd8 29. Rd1 Rxd1 30. Qxd1 b5 31. Nb2 Qf7 32. Nd3 Bb6 33. Qc2 bxa4 34. bxa4 Qc4 35. Nb2 Qc5 36. Nd3 Qc4 37. Nb2 Qc5 38. Nd3 Qc4 1/2-1/2

[Event "CZE-chT U18 Extraliga West 1718"]
[Site "Czech Republic"]
[Date "2017.10.08"]
[Round "4.1"]
[White "Slovak, Kilian"]
[Black "Kotal, Vaclav"]
[Result "0-1"]
[WhiteElo "2266"]
[BlackElo "2044"]
[PlyCount "90"]
[EventDate "2017.10.07"]
[EventType "team-tourn"]
[EventRounds "11"]
[EventCountry "CZE"]
[SourceTitle "EXT 2023"]
[Source "ChessBase"]
[SourceDate "2022.10.05"]
[SourceVersion "1"]
[SourceVersionDate "2022.10.05"]
[SourceQuality "1"]
[WhiteTeam "Praha Kobylisy (U18)"]
[BlackTeam "Ceske Budejovice (U18)"]
[WhiteTeamCountry "CZE"]
[BlackTeamCountry "CZE"]

1. e4 e5 2. Nf3 Nc6 3. Bb5 g6 4. Nc3 Bg7 5. d3 Nge7 6. Bg5 h6 7. Bh4 g5 8. Bg3 d6 9. h3 f5 10. exf5 Nxf5 11. Bh2 Be6 12. Qe2 0-0 13. Bxc6 bxc6 14. g4 Ne7 15. Nd2 Rb8 16. Nd1 Ng6 17. 0-0 Qf6 18. Bg3 d5 19. c3 Rbe8 20. f3 Bc8 21. Qf2 Ba6 22. c4 Nf4 23. Bxf4 Qxf4 24. Nc3 Qd4 25. Na4 e4 26. dxe4 Qxf2+ 27. Kxf2 dxe4 28. Kg2 exf3+ 29. Nxf3 Bxc4 30. Rf2 Bd5 31. Raf1 Bd4 32. Rd2 c5 33. Nc3 Bc6 34. Rd3 Bb7 35. Rfd1 c4 36. Rxd4 Bxf3+ 37. Kg3 Bxd1 38. Nxd1 Rd8 39. Rxd8 Rxd8 40. Ne3 Rd3 41. Kf3 c3 42. bxc3 Rxc3 43. Ke4 Ra3 44. Nf5 Kh7 45. h4 gxh4 0-1

[Event "Klatovy op-A 23rd"]
[Site "Klatovy"]
[Date "2017.07.07"]
[Round "7"]
[White "Strnad, Jakub"]
[Black "Kotal, Vaclav"]
[Result "1-0"]
[WhiteElo "1980"]
[BlackElo "2070"]
[PlyCount "81"]
[EventDate "2017.07.01"]
[EventType "swiss"]
[EventRounds "9"]
[EventCountry "CZE"]
[SourceTitle "EXT 2018"]
[Source "ChessBase"]
[SourceDate "2017.10.13"]
[SourceVersion "1"]
[SourceVersionDate "2017.10.13"]
[SourceQuality "1"]

1. e4 c5 2. Nf3 e6 3. d4 cxd4 4. Nxd4 Nf6 5. Nc3 Nc6 6. Ndb5 d6 7. Bf4 e5 8. Bg5 a6 9. Na3 b5 10. Nd5 Be7 11. Bxf6 Bxf6 12. c3 Bg5 13. Nc2 0-0 14. a4 bxa4 15. Nce3 Bxe3 16. Nxe3 Be6 17. Rxa4 Ne7 18. Bc4 Qd7 19. 0-0 Rfd8 20. Nd5 Nxd5 21. exd5 Bg4 22. Qa1 Rac8 23. Bxa6 Rc5 24. Bc4 Rdc8 25. b3 h5 26. Ra8 Qd8 27. Rxc8 Rxc8 28. Qc1 Ra8 29. Qd2 Qf6 30. Be2 Qg6 31. Bxg4 Qxg4 32. h3 Qd7 33. c4 Ra3 34. Qb4 Ra2 35. Qb6 g6 36. b4 Rc2 37. Qc6 Qa7 38. b5 Rb2 39. Qxd6 Qd4 40. Qc6 Rc2 41. b6 1-0

[Event "Klatovy op-A 23rd"]
[Site "Klatovy"]
[Date "2017.07.01"]
[Round "1"]
[White "Ruzickova, Radka"]
[Black "Kotal, Vaclav"]
[Result "1/2-1/2"]
[WhiteElo "1836"]
[BlackElo "2070"]
[PlyCount "89"]
[EventDate "2017.07.01"]
[EventType "swiss"]
[EventRounds "9"]
[EventCountry "CZE"]
[SourceTitle "EXT 2018"]
[Source "ChessBase"]
[SourceDate "2017.10.13"]
[SourceVersion "1"]
[SourceVersionDate "2017.10.13"]
[SourceQuality "1"]

1. e4 d6 2. d4 Nf6 3. Nc3 c6 4. a4 Nbd7 5. Bc4 e5 6. Nf3 Be7 7. Ng5 0-0 8. Be3 d5 9. exd5 Nxd5 10. Bxd5 cxd5 11. h4 exd4 12. Qxd4 Nf6 13. 0-0-0 Be6 14. Nxe6 fxe6 15. g4 Nd7 16. Nxd5 exd5 17. Qxd5+ Rf7 18. Qxd7 Qa5 19. Qxb7 Raf8 20. Qb5 Qc7 21. Rd7 Qc8 22. Qb7 Qe8 23. g5 Bxg5 24. Rxf7 Bxe3+ 25. fxe3 Qxe3+ 26. Kb1 Rxf7 27. Qd5 Qf2 28. h5 h6 29. Rd1 Qe2 30. Rd2 Qg4 31. b3 a6 32. Kb2 Qf4 33. Re2 Qf6+ 34. c3 Kh7 35. Qd3+ Kg8 36. Re8+ Rf8 37. Qc4+ Kh7 38. Rxf8 Qxf8 39. Qe4+ Kh8 40. b4 Qf2+ 41. Ka3 Qd2 42. Qe8+ Kh7 43. Qg6+ Kh8 44. Qe8+ Kh7 45. Qg6+ 1/2-1/2

[Event "Klatovy op 22nd"]
[Site "Klatovy"]
[Date "2016.07.08"]
[Round "7"]
[White "Oz, Ozan"]
[Black "Kotal, Vaclav"]
[Result "0-1"]
[WhiteElo "1863"]
[BlackElo "1886"]
[PlyCount "132"]
[EventDate "2016.07.02"]
[EventType "swiss"]
[EventRounds "9"]
[EventCountry "CZE"]
[SourceTitle "CBM 173 Extra"]
[Source "ChessBase"]
[SourceDate "2016.08.29"]
[SourceVersion "1"]
[SourceVersionDate "2016.08.29"]
[SourceQuality "1"]

1. e4 c5 2. Nf3 Nc6 3. d4 cxd4 4. Nxd4 Nf6 5. Nc3 e5 6. Ndb5 d6 7. Bg5 a6 8. Na3 b5 9. Bxf6 gxf6 10. Nd5 Bg7 11. g4 Ne7 12. c4 Nxd5 13. Qxd5 Qa5+ 14. Ke2 0-0 15. h3 Be6 16. Qd2 Qxd2+ 17. Kxd2 Bh6+ 18. Ke1 Rfc8 19. b3 Kf8 20. Bd3 b4 21. Nc2 a5 22. Ke2 Rab8 23. Rhb1 Ke7 24. a3 Rc7 25. axb4 axb4 26. Ra4 Rcb7 27. Rba1 Bd7 28. Ra8 Bg5 29. Ne1 Be6 30. Nc2 Bd7 31. f3 h6 32. Ne1 h5 33. gxh5 Bxh3 34. Nc2 Kf8 35. Rxb8+ Rxb8 36. Ra4 Kg7 37. Rxb4 Rh8 38. Rb6 Rxh5 39. Ne3 Be6 40. Nf1 Rh1 41. Ra6 Bh3 42. Ra1 Rg1 43. Rb1 Rg2+ 44. Ke1 Bh4+ 45. Kd1 Bg5 46. Be2 Rf2 47. Ke1 Bh4 48. Kd2 Bg5+ 49. Ne3 f5 50. Kd3 fxe4+ 51. fxe4 f5 52. exf5 e4+ 53. Kd4 Rxe2 54. Rg1 Kh6 55. Nd5 Bxf5 56. Rg3 Rd2+ 57. Kc3 Rf2 58. Rg1 e3 59. Rh1+ Kg6 60. Re1 Rc2+ 61. Kd4 e2 62. Rg1 Rd2+ 63. Kc3 Rc2+ 64. Kd4 Kf7 65. Ne3 Rd2+ 66. Kc3 Bxe3 0-1

[Event "Klatovy op 22nd"]
[Site "Klatovy"]
[Date "2016.07.06"]
[Round "5"]
[White "Spicka, Jan"]
[Black "Kotal, Vaclav"]
[Result "1/2-1/2"]
[WhiteElo "1833"]
[BlackElo "1886"]
[PlyCount "43"]
[EventDate "2016.07.02"]
[EventType "swiss"]
[EventRounds "9"]
[EventCountry "CZE"]
[SourceTitle "CBM 173 Extra"]
[Source "ChessBase"]
[SourceDate "2016.08.29"]
[SourceVersion "1"]
[SourceVersionDate "2016.08.29"]
[SourceQuality "1"]

1. e4 e6 2. d4 d5 3. Nd2 Nf6 4. e5 Nfd7 5. Bd3 c5 6. c3 Nc6 7. Ne2 a5 8. 0-0 a4 9. Nf3 a3 10. b3 cxd4 11. cxd4 Nb4 12. Nf4 Nxd3 13. Nxd3 b6 14. Bg5 Be7 15. Bxe7 Qxe7 16. Qd2 Ba6 17. Rfc1 0-0 18. Rc2 Rac8 19. Rac1 Rxc2 20. Rxc2 Nb8 21. h3 Bb5 22. Nb4 1/2-1/2